000 00608nam a2200181 i 4500
001 86658
003 ES-MaACL
005 20230906175510.0
007 t|
008 041214s1936 sp ||||1| spa d
100 1 _aKlein, Julius.
_968213
245 1 3 _aLa Mesta
_b: estudio de la historia económica española, 1273-1836 /
_cJulius Klein ; traducción del inglés por C. Muñoz.
260 _aMadrid :
_bRevista de Occidente,
_c[1936]
300 _a450 p. ;
_c23 cm.
610 2 4 _aConcejo de la Mesta.
_9171937
651 4 _aEspaña-
_xSituación económica-
_vHistoria.
_9156949
852 _aES-MaACL
_jA-4162
999 _c86658
_d86658